000 00687cab a22002055a 4500
001 L153994
008 110930e2011 xxk 000 0 eng d
035 _a(Sirsi) u153994
041 0 _aeng
100 1 _aHartley, Simon
245 0 0 _aUnion of opposing sides
260 _c2011
490 _aEstates Gazette
_v(1137) 17 September 2011 104(1)
520 _aExplains that landlords should be beware of competition laws and outlines the issues to be considered including the level of their stakeholding in tenants' businesses.
590 _aKA
651 4 _aUnited Kingdom
_y
690 _aPROPERTY-LEASEHOLD PROPERTY-LANDLORD AND TENANT
700 1 _aSproul, Gillian
942 _n0
999 _c83440
_d83440